|
|
|
|
| LEADER |
00000ny a22000003n 4500 |
| 005 |
20110509145128.0 |
| 007 |
cr|||| |||| |
| 008 |
950713c19uu9999sp mr s 0 b spa |
| 035 |
|
|
|a 102
|
| 040 |
|
|
|a BUS
|d vLex
|
| 090 |
|
|
|c 2952
|d 2952
|
| 245 |
1 |
0 |
|a Tribunal Supremo
|h [Recurso electrn̤ico]
|
| 256 |
|
|
|a Servicio en ln̕ea
|
| 260 |
|
|
|a Barcelona :
|b vLex
|
| 300 |
|
|
|a 1 recurso electrn̤ico
|
| 500 |
|
|
|a Jurisprudencia del Tribunal Supremo. Esta base de datos incluye todas las sentencias de todas las salas del Tribunal Supremo desde el aǫ 2000 y una completa seleccin̤ de las sentencias anteriores. Esta base de datos se actualiza diariamente con las nuevas sentencias dictadas por el TS y remitidas por el Centro de Documentacin̤ Judicial (CENDOJ) del CGPJ. Esta base de datos se complementa con las demas bases de datos jurisprudenciales de vLex: TC, TSJ, A.Prov., AN, TJCE, etc.
|
| 506 |
1 |
|
|a Contenido solo disponible en los productos indicados
|d vLex Global
|d vLex Global (Academic Edition, excluding Law Schools)
|d vLex Global (U.S. Academic Edition, Law Schools)
|d vLex Global (U.S. Academic Edition, excluding Law Schools)
|d vLex Global (Academic Edition, Law Schools)
|
| 610 |
1 |
4 |
|a Espaą.
|b Tribunal Supremo
|
| 610 |
1 |
4 |
|a Espaą.
|b Tribunal Supremo
|x Jurisprudencia
|
| 650 |
0 |
4 |
|a Sentencias
|
| 740 |
0 |
|
|a vLex Jurisprudencia (Servicios en ln̕ea)
|
| 843 |
|
|
|a Electrn̤ica. Abierta
|
| 853 |
|
|
|8 1
|i (year)
|j (month)
|k (day)
|
| 856 |
4 |
0 |
|z Acceso restringido
|u http://vlex.com/source/tribunal-supremo-102
|
| 942 |
|
|
|c TR
|
| 999 |
0 |
|
|a Jurisprudence
|b Spain
|